30 jeux vidéo à compléter - 2011 - Statistiques

Statistiques générales
  • Ce quiz a été pris 82 fois
  • Le résultat moyen est 17 sur 30
Statistiques - réponses
Hint Réponse % Correct
Mortal ... Kombat
88%
...field 3 Battle
84%
Call of Duty: ... Warfare 3 Modern
84%
...craft Mine
80%
Batman: Arkham ... City
73%
... 3: L'illusion de Drake Uncharted
72%
Pro ... Soccer 2012 Evolution
70%
Dark ... Souls
70%
Portal ... 2
67%
Super Mario ... Land 3D
67%
L.A. ... Noire
67%
The Binding of ... Isaac
66%
Star Wars: The Old ... Republic
66%
Duke ... Forever Nukem
64%
The Elder Scrolls V: ... Skyrim
64%
Dead ... Island
63%
The Legend of Zelda: ... Sword Skyward
61%
in... 2 FAMOUS
50%
Rayman ... Origins
50%
MotorStorm: ... Apocalypse
45%
Assassin's Creed: ... Revelations
45%
... Terraria
45%
... Generations Sonic
44%
Deux Ex: ... Revolution Human
39%
Ace Combat: ... Horizon Assault
38%
The Witcher 2 : ... of Kings Assassins
36%
Rhythm ... Fever Heaven
30%
Pokémon ...! Showdown
27%
Les Sims ... Medieval
23%
Total War : ... 2 Shogun
19%
Aucun quiz correspondant
Distribution des résultats
% des personnes avec chaque résultat
Percentile par nombre de réponses
Votre historique - résultats
Vous n’avez pas pris ce quiz